Nê-bít-đắc

সংরক্ষণ করুন:
গ্রন্থ-পঞ্জীর বিবরন
প্রধান লেখক: Berdy Kerbabaev
বিন্যাস: গ্রন্থ
ভাষা:Undetermined
প্রকাশিত: Matxcơva Cầu Vồng 1983
বিষয়গুলি:
ট্যাগগুলো: ট্যাগ যুক্ত করুন
কোনো ট্যাগ নেই, প্রথমজন হিসাবে ট্যাগ করুন!
Thư viện lưu trữ: Trung tâm Học liệu Trường Đại học Cần Thơ
LEADER 00441nam a2200169Ia 4500
001 CTU_15890
008 210402s9999 xx 000 0 und d
082 |a 891.743 
082 |b K25 
100 |a Berdy Kerbabaev 
245 0 |a Nê-bít-đắc 
245 0 |c Berdy Kerbabaev 
260 |a Matxcơva 
260 |b Cầu Vồng 
260 |c 1983 
650 |a russian fiction 
980 |a Trung tâm Học liệu Trường Đại học Cần Thơ